书目信息 |
| 题名: |
蓝色的国度
|
|
| 作者: | 立德 著 ;曾献 译 | |
| 分册: | ||
| 出版信息: | 北京 金城出版社 2011.6 |
|
| 页数: | 199页 | |
| 开本: | 23cm | |
| 丛书名: | ||
| 单 册: | ||
| 中图分类: | K250.9 | |
| 科图分类: | ||
| 主题词: | 中国历史--近代史--通俗读物 | |
| 电子资源: | ||
| ISBN: | 978-7-80251-611-3 | |
| 000 | 01073nam0 2200277 45 | |
| 001 | 1360523327 | |
| 005 | 20130603091533.89 | |
| 010 | @a978-7-80251-611-3@dCNY28.00 | |
| 100 | @a20130513d2011 em y0chiy50 ea | |
| 101 | 1 | @achi@ceng |
| 102 | @aCN@b110000 | |
| 105 | @aa z 000yy | |
| 106 | @ar | |
| 200 | 1 | @a蓝色的国度@ALan Se De Guo Du@e外国人看中国@EWai Guo Ren Kan Zhong Guo@f(英)阿绮波德·立德(Archibald little)著@F( Ying ) A Qi Bo De· Li De (Archibald little) Zhu@g曾献译 |
| 210 | @a北京@c金城出版社@d2011.6 | |
| 215 | @a199页@c图@d23cm | |
| 312 | @a封面英文题名:The land of the blue gown | |
| 330 | @a本书讲述了清末民初作者阿绮波德·立德随经商的丈夫在中国10多个城市的所见所闻,描写了当地大量风土人情和民俗生活。 | |
| 510 | 1 | @aLand of the blue gown@zeng |
| 517 | 1 | @a外国人看中国@AWai Guo Ren Kan Zhong Guo |
| 606 | 0 | @a中国历史@x近代史@j通俗读物 |
| 690 | @aK250.9@v5 | |
| 701 | 0 | @c(英)@a立德@ALi De@c(Little, Archibald@f1845-1926)@4著 |
| 702 | 0 | @a曾献@AZeng Xian@4译 |
| 801 | @aCN@bTANGWEI@c20130522 | |
| 905 | @b0834643-44@dK250.9@e186@f2 | |
| 蓝色的国度:外国人看中国/(英)阿绮波德·立德(Archibald little)著/曾献译.-北京:金城出版社,2011.6 |
| 199页:图;23cm |
| ISBN 978-7-80251-611-3:CNY28.00 |
| 本书讲述了清末民初作者阿绮波德·立德随经商的丈夫在中国10多个城市的所见所闻,描写了当地大量风土人情和民俗生活。 |
| ● |
| 相关链接 |
|
|
|
|
正题名:蓝色的国度
索取号:K250.9/186
 
预约/预借
| 序号 | 登录号 | 条形码 | 馆藏地/架位号 | 状态 | 备注 |
| 1 | 0834643 | 208346431 | 第二样本阅览室/ [索取号:K250.9/186] | 在馆 | |
| 2 | 0834644 | 208346440 | 第二借阅区/ [索取号:K250.9/186] | 在馆 |